কুরআন অধ্যায়ন সহায়িকা / (Record no. 76808)
[ view plain ]
| 000 -LEADER | |
|---|---|
| fixed length control field | 01171nam a2200277 4500 |
| 001 - CONTROL NUMBER | |
| control field | 76808 |
| 003 - CONTROL NUMBER IDENTIFIER | |
| rucl marc code | BD-RjUL |
| 005 - DATE AND TIME OF LATEST TRANSACTION | |
| control field | 20211209082906.0 |
| 008 - FIXED-LENGTH DATA ELEMENTS--GENERAL INFORMATION | |
| fixed length control field | 200120s1993 bg ||||| |||| 00| 0 ben d |
| 020 ## - INTERNATIONAL STANDARD BOOK NUMBER | |
| Terms of availability | : Tk. 50.00 |
| 035 ## - SYSTEM CONTROL NUMBER | |
| System control number | (BD-RjUL) |
| 040 ## - CATALOGING SOURCE | |
| Original cataloging agency | BD-RjUL |
| Language of cataloging | ben/eng |
| Transcribing agency | BD-RjUL |
| 041 ## - LANGUAGE CODE | |
| Language code of text/sound track or separate title | ben |
| 082 ## - DEWEY DECIMAL CLASSIFICATION NUMBER | |
| Edition number | 23 |
| Classification number | 297.12207 |
| Author mark and year | MUQ 1993 |
| 100 1# - MAIN ENTRY--PERSONAL NAME | |
| Personal name | মুরাদ, খুররম |
| 9 (RLIN) | 237977 |
| 245 ## - TITLE STATEMENT | |
| Title | কুরআন অধ্যায়ন সহায়িকা / |
| Statement of responsibility, etc. | মুরাদ, খুররম ; অনুবাদ: মুহাম্মদ কামারুজ্জামাম |
| 250 ## - EDITION STATEMENT | |
| Edition statement | ২য় সং. |
| 260 ## - PUBLICATION, DISTRIBUTION, ETC. (IMPRINT) | |
| Place of publication, distribution, etc. | ঢাকা: |
| Name of publisher, distributor, etc. | বাংলাদেশ ইসলামিক সেন্টার, |
| Date of publication, distribution, etc. | ১৯৯৩ |
| 300 ## - PHYSICAL DESCRIPTION | |
| Pagination | ১৩৫, [১] পৃ. ; |
| Size | ২২ সেমি. |
| 650 ## - SUBJECT ADDED ENTRY--TOPICAL TERM | |
| Topical term or geographic name as entry element | ইসলাম |
| 9 (RLIN) | 237978 |
| Topical term or geographic name as entry element | Islam. |
| 9 (RLIN) | 237979 |
| Topical term or geographic name as entry element | কুরআন |
| General subdivision | অধ্যয়ন ও শিক্ষাদান। |
| 9 (RLIN) | 237980 |
| Topical term or geographic name as entry element | Qur an |
| General subdivision | Study and teaching. |
| 9 (RLIN) | 237981 |
| 700 ## - ADDED ENTRY--PERSONAL NAME | |
| Personal name | কামারুজ্জামাম, মুহাম্মদ, অনুবাদক |
| 942 ## - ADDED ENTRY ELEMENTS (KOHA) | |
| Source of classification or shelving scheme | Dewey Decimal Classification |
| Koha item type | Continuing Resources |
| Lost status | Source of classification or shelving scheme | Damaged status | Not for loan | Collection code | Permanent Location | Current Location | Shelving location | Date acquired | Source of acquisition | Cost, normal purchase price | Total Checkouts | Full call number | Date last seen | Copy number | Koha item type |
|---|---|---|---|---|---|---|---|---|---|---|---|---|---|---|---|
| Dewey Decimal Classification | Not For Loan | Rare Books | Central Library, University of Rajshahi | Central Library, University of Rajshahi | Rare Book Section | 05/08/1997 | The Author | 50.00 | BRA 297.12207 MUQ 1993 | 20/01/2020 | C-1 | Continuing Resources |